Văn học so sánh - Nghiên cứu và dịch thuật
Nghiên cứu văn học tổng quát và thi pháp học lịch sử, lí luận văn học Trung Hoa và ấn Độ nhìn từ quan điểm so sánh; Sự ra đời của từ văn học và quan niệm mới về văn học của các nước Việt Nam, Trung Quốc, Nhật Bản..
Saved in:
| Format: | Book |
|---|---|
| Language: | Vietnamese |
| Published: |
H.
Đại học Quốc gia Hà Nội
2003
|
| Subjects: | |
| Tags: |
Add Tag
No Tags, Be the first to tag this record!
|
| Institutions: | Mạng thư viện Đại học Đà Nẵng |
|---|
| LEADER | 01416nam a2200337 4500 | ||
|---|---|---|---|
| 001 | 000004305 | ||
| 003 | 438 | ||
| 005 | 20121211001214.0 | ||
| 008 | 110719s2003 viesd | ||
| 020 | |c 27500 | ||
| 041 | 0 | |a vie | |
| 082 | |a 809 |b VAN | ||
| 245 | 0 | |a Văn học so sánh - Nghiên cứu và dịch thuật | |
| 260 | |a H. |b Đại học Quốc gia Hà Nội |c 2003 | ||
| 300 | |a 343 tr |c 21 cm | ||
| 500 | |a ĐTTS ghi: Trường ĐH. KHXH và Nhân văn Tp. Hồ Chí Minh. Khoa ngữ văn và báo chí | ||
| 520 | |a Nghiên cứu văn học tổng quát và thi pháp học lịch sử, lí luận văn học Trung Hoa và ấn Độ nhìn từ quan điểm so sánh; Sự ra đời của từ văn học và quan niệm mới về văn học của các nước Việt Nam, Trung Quốc, Nhật Bản.. | ||
| 653 | |a Nghiên cứu văn học | ||
| 653 | |a Văn học so sánh | ||
| 653 | |a Đông Á | ||
| 910 | |a Nguyễn Thị Kim Oanh |d 19/ 07/ 2011 | ||
| OWN | |a LSP | ||
| AVA | |a UDN50 |b LSP |d 809 VAN |e check_holdings |t Error 5003 Not defined in file expand_doc_bib_avail. |h N |k 1 | ||
| 999 | |a From the UDN01 | ||
| AVA | |a UDN50 |b LSP |d 809 VAN |e available |t Error 5001 Not defined in file expand_doc_bib_avail. |f 39 |g 6 |h N |i 21 |k 1 | ||
| TYP | |a Monograph | ||
| TYP | |a Printed language | ||
| 980 | |a Mạng thư viện Đại học Đà Nẵng | ||